000 00259nam a2200121Ia 4500
100 _aMukhi/ Vijay
942 _cBK
654 _aComputer
245 _a''''C'''' Odyssey Advanced Dos
260 _bBPB Pub
_aNew Delhi
_c1992
546 _aENGLISH
999 _c18593
_d18593